Năng lực trí tuệ và lứa tuổi: T1

保存先:
書誌詳細
第一著者: V X Laytex
フォーマット: 図書
言語:Undetermined
出版事項: Hà Nội Giáo dục 1978
主題:
タグ: タグ追加
タグなし, このレコードへの初めてのタグを付けませんか!
Thư viện lưu trữ: Trung tâm Học liệu Trường Đại học Cần Thơ
LEADER 00491nam a2200169Ia 4500
001 CTU_6083
008 210402s9999 xx 000 0 und d
082 |a 370.1524 
082 |b L429/T1 
100 |a V X Laytex 
245 0 |a Năng lực trí tuệ và lứa tuổi: T1 
245 0 |c V X Laytex, Ngô Hào Hiệp 
260 |a Hà Nội 
260 |b Giáo dục 
260 |c 1978 
650 |a child psychology 
980 |a Trung tâm Học liệu Trường Đại học Cần Thơ